Loading...

Human geography

Bibliographic Details
Main Author: Majid Husain
Format: Printed Book
Language:Undetermined
Published: Jaipur Rawat publication 1994
LEADER 00519nam a2200145Ia 4500
008 161229s9999 xx 000 0 und d
020 |a 8170332364 
082 |a 304.2 MAJ/RU 
100 |a Majid Husain 
245 |a Human geography  
260 |b Rawat publication   |a Jaipur  |c 1994 
300 |a xiii, 485 
942 |c BK 
999 |c 151670  |d 151670 
952 |0 0  |1 0  |4 0  |6 304_200000000000000_MAJRU  |7 0  |9 150725  |a KAUCLV  |b KAUCLV  |d 2016-12-29  |g 400.00  |o 304.2 MAJ/RU  |p 902979  |r 2016-12-29  |w 2016-12-29  |y BK  |z Book transferred from CCBM Library ,Acc.No:4829